000 00455nam a2200181Ia 4500
001 24214
005 20260414151028.0
008 260414t2009||||xx |||||||||||||| ||spa||
041 _aESP
082 _a793.31985
_bP26
100 _aParra Herrera, Miryan Yobanna
_eAUT
245 0 _aPoder y estudios de las danzas en el Perú
_b
260 _c2009
300 _a125 páginas :
_c21 cm.
650 _aABD
654 _aCAU
942 _cLIB
_dJUS
_fJUS
_2ddc
_n
999 _c24214
_d24214